[Event "It (open)"]
[Site "masterchessopen.com Bad Wiessee (Germany)"]
[Round "1"]
[White "Gyimesi Zoltan (HUN)"]
[Black "Thuemmler Manfred Dr (GER)"]
[Result "1-0"]
[WhiteElo "2539"]
[BlackElo "2039"]

1.d4 Nf6 2.c4 e6 3.Nf3 Bb4+ 4.Bd2 Qe7 5.g3 O-O 6.Bg2 d5 7.Qc2 c6 8.O-O Bxd2
9.Nbxd2 Nbd7 10.e4 dxe4 11.Nxe4 e5 12.Rfe1 exd4 13.Nxd4 g6 14.Qc3 Nxe4 15.Rxe4
Qf6 16.Rae1 Nc5 17.Re5 Ne6 18.Nb3 Rb8 19.Nd2 Ng5 20.Rxg5 Qxg5 21.Ne4 Qd8
22.Nf6+ Kg7 23.Ne8+ {#r} 1-0

[Event "Ch Catalunia"]
[Site "masterchessopen.com Barcelona (Spain)"]
[Round "1"]
[White "Gomez Jurado Luis Alberto (ESP)"]
[Black "Martinez Hernandez Emili (ESP)"]
[Result "1-0"]
[WhiteElo "2256"]
[BlackElo "1797"]

1.d4 Nf6 2.Nf3 e6 3.c4 Bb4+ 4.Bd2 Bxd2+ 5.Qxd2 Qe7 6.Nc3 b6 7.e4 d6 8.Bd3 Nbd7
9.Nb5 Bb7 10.Nxc7+ Kd8 11.Nxa8 Bxa8 12.e5 dxe5 13.Nxe5 Nxe5 14.dxe5 Ng4
15.Be2+ {#r} 1-0

[Event "Ch Catalunia"]
[Site "masterchessopen.com Barcelona (Spain)"]
[Round "6"]
[White "Oms Pallise Josep (AND)"]
[Black "Serrano Pertinez Miquel (ESP)"]
[Result "1-0"]
[WhiteElo "2430"]
[BlackElo "2174"]

1.d4 Nf6 2.c4 e6 3.Nf3 Bb4+ 4.Bd2 c5 5.Bxb4 cxb4 6.g3 b6 7.Bg2 Bb7 8.Nbd2 O-O
9.Nf1 d6 10.Ne3 Qe7 11.O-O Nbd7 12.Qb3 d5 13.cxd5 Nxd5 14.Nc4 a5 15.e4 Rfc8
16.exd5 Bxd5 17.Nfd2 b5 18.Bxd5 bxc4 19.Bxc4 e5 20.Rfe1 a4 21.Qe3 Ra5 22.b3 g5
{#r} 1-0

[Event "Ch Spain (team)"]
[Site "masterchessopen.com Barcelona (Spain)"]
[Round "9"]
[White "Del Rio Angelis Salvador G (ESP)"]
[Black "Vehi Bach Victor M (ESP)"]
[Result "1-0"]
[WhiteElo "2467"]
[BlackElo "2454"]

1.d4 Nf6 2.Nf3 e6 3.c4 Bb4+ 4.Bd2 a5 5.e3 b6 6.Bd3 Bb7 7.O-O O-O 8.Nc3 d5
9.cxd5 exd5 10.Ne5 Bd6 11.f4 c5 12.Be1 Nc6 13.Bh4 Be7 14.Rf3 Ne4 15.Bxe7 Nxe7
16.Rh3 g6 17.dxc5 bxc5 18.Bxe4 dxe4 19.Nd7 Bc8 20.Nf6+ Kg7 21.Rxh7+ Kxf6
22.Nxe4+ Kf5 23.Rxf7+ Rxf7 24.Ng3+ {#r} 1-0

[Event "It (open)"]
[Site "masterchessopen.com Basel (Switzerland)"]
[Round "2"]
[White "Nemet Ivan (SUI)"]
[Black "Cote F"]
[Result "1-0"]
[WhiteElo "2412"]
[BlackElo "2200"]

1.d4 Nf6 2.Nf3 e6 3.c4 Bb4+ 4.Bd2 Qe7 5.g3 O-O 6.Bg2 Nc6 7.O-O Bxd2 8.Qxd2 a5
9.Nc3 d6 10.d5 Nb8 11.dxe6 fxe6 12.e4 Nbd7 13.e5 Ng4 14.exd6 cxd6 15.Rad1 Nde5
16.Nxe5 Nxe5 17.Qe2 Ng6 18.Rfe1 Re8 19.h4 Nf8 20.b3 Ra6 21.Qh5 h6 22.c5 dxc5
23.Nd5 Qd7 24.Nf6+ {#r} 1-0

[Event "Ch Berlin"]
[Site "masterchessopen.com Berlin (Germany)"]
[Round "1"]
[White "Federau Juergen (GER)"]
[Black "Pluemer Detlef (GER)"]
[Result "1-0"]
[WhiteElo "2244"]
[BlackElo "2165"]

1.d4 Nf6 2.c4 e6 3.Nf3 Bb4+ 4.Nbd2 O-O 5.e3 d5 6.a3 Be7 7.Bd3 c5 8.dxc5 Bxc5
9.b4 Be7 10.Bb2 a5 11.O-O axb4 12.axb4 Rxa1 13.Bxa1 Nc6 14.b5 Nb4 15.Be2 Nd7
16.Qb1 dxc4 17.Nxc4 Nd5 18.Rc1 f6 19.Bd3 h6 20.Nh4 {#r} 1-0

[Event "It (open)"]
[Site "masterchessopen.com Berlin (Germany)"]
[Round "1"]
[White "Hein Erwin (GER)"]
[Black "Troesch Thomas (GER)"]
[Result "0-1"]
[WhiteElo "2143"]
[BlackElo "2190"]

1.Nf3 Nf6 2.c4 e6 3.d4 Bb4+ 4.Bd2 Be7 5.Nc3 d5 6.e3 O-O 7.Qc2 b6 8.cxd5 exd5
9.Bd3 Na6 10.a3 c5 11.b3 cxd4 12.exd4 Bxa3 13.Bxa6 Bxa6 14.Qa2 Re8+ 15.Ne5 Bc5
16.Qxa6 Bxd4 17.f4 Ne4 18.Ne2 Bxa1 19.Qxa1 f6 20.Nc6 Qd7 21.Ncd4 Qg4 {#R} 0-1

[Event "It (open)"]
[Site "masterchessopen.com Cannes (France)"]
[Round "6"]
[White "Kazhgaleyev Murtas (KAZ)"]
[Black "Villeneuve Alain (FRA)"]
[Result "1-0"]
[WhiteElo "2526"]
[BlackElo "2293"]

1.d4 Nf6 2.c4 e6 3.Nf3 Bb4+ 4.Bd2 Qe7 5.g3 Nc6 6.Nc3 Bxc3 7.Bxc3 Ne4 8.Rc1 O-O
9.Bg2 d5 10.Nd2 Nxc3 11.bxc3 Qd7 12.O-O Ne7 13.cxd5 exd5 14.e4 dxe4 15.Nxe4 c6
16.Re1 Qc7 17.c4 Bf5 18.d5 Ng6 19.Nc5 Rad8 20.Qf3 Ne7 21.Qf4 Qxf4 22.gxf4 Nxd5
23.cxd5 {#r} 1-0

[Event "Ch Europe (juniors) (under 16)"]
[Site "masterchessopen.com Chalkidiki (Greece)"]
[Round "8"]
[White "Tallaksen Geir S (NOR)"]
[Black "Bartel Mateusz (POL)"]
[Result "0-1"]
[WhiteElo "2221"]
[BlackElo "2313"]

1.d4 Nf6 2.c4 e6 3.Nf3 Bb4+ 4.Nbd2 b6 5.a3 Bxd2+ 6.Bxd2 Bb7 7.Bg5 d6 8.e3 h6
9.Bh4 Nbd7 10.Qc2 Qe7 11.Bd3 g5 12.Bg3 h5 13.h3 h4 14.Bh2 Rg8 15.e4 e5
16.O-O-O O-O-O 17.Rde1 Nh5 18.g3 Qf6 19.Be2 exd4 20.Nxh4 gxh4 21.Bxh5 Qg5+
{#R} 0-1

[Event "It (open)"]
[Site "masterchessopen.com France"]
[Round "1"]
[White "Mollov Ergin (BUL)"]
[Black "Legrain Patrick (FRA)"]
[Result "1-0"]
[WhiteElo "2432"]
[BlackElo "1778"]

1.d4 Nf6 2.Nf3 e6 3.c4 Bb4+ 4.Nbd2 c5 5.a3 Qa5 6.dxc5 Bxc5 7.e3 Nc6 8.Be2 d5
9.O-O Bd6 10.cxd5 exd5 11.b4 Qc7 12.Bb2 Ng4 13.h3 h5 14.b5 Bh2+ 15.Kh1 Nce5
16.Rc1 Qd6 17.Ne4 Qb8 18.Rxc8+ Qxc8 19.Nd6+ {#r} 1-0

[Event "Landesliga (2nd) West 1999/00"]
[Site "masterchessopen.com Germany"]
[Round "2"]
[White "Devantier Detlef"]
[Black "Dettmann Holger (GER)"]
[Result "0-1"]
[WhiteElo "1790"]
[BlackElo "2023"]

1.Nf3 Nf6 2.d4 e6 3.c4 Bb4+ 4.Bd2 Qe7 5.a3 Bxd2+ 6.Nbxd2 d6 7.e3 O-O 8.Qc2 e5
9.d5 c5 10.e4 Nh5 11.g3 f5 12.Be2 fxe4 13.Nxe4 Nf6 14.Nfd2 Nxe4 15.Nxe4 Bh3
16.O-O-O Bg2 17.Bg4 Bxe4 18.Be6+ Qxe6 19.Qxe4 Qh6+ 20.f4 Nd7 21.Rdf1 Rae8
22.Qf3 exf4 23.gxf4 Ne5 {#R} 0-1

[Event "Ch Yugoslavia (team) (w)"]
[Site "masterchessopen.com Kragujevac (Yugoslavia)"]
[Round "5"]
[White "Vasic Milena (SRB)"]
[Black "Petronic Sanja (SIN)"]
[Result "0-1"]
[WhiteElo "2101"]
[BlackElo "2303"]

1.d4 Nf6 2.c4 e6 3.Nf3 Bb4+ 4.Nbd2 O-O 5.a3 Be7 6.e4 d5 7.e5 Nfd7 8.cxd5 exd5
9.b4 a5 10.b5 c5 11.dxc5 Nxc5 12.Be2 Nbd7 13.O-O f6 14.Bb2 fxe5 15.Nxe5 Nxe5
16.Bxe5 a4 17.Nf3 Ne4 18.Bd3 Bg4 19.Bc2 Ng5 20.Bxg7 Bxf3 21.Bxf8 Bxd1 22.Bxe7
Qxe7 23.Rfxd1 Rf8 24.Rxd5 Qg7 {#R} 0-1

[Event "It (open)"]
[Site "masterchessopen.com Mondariz (Spain)"]
[Round "4"]
[White "Alvarez Ibarra Rafael (ESP)"]
[Black "Lorenzo Duran Marcos (ESP)"]
[Result "1-0"]
[WhiteElo "2404"]
[BlackElo "2194"]

1.d4 e6 2.Nf3 Nf6 3.c4 Bb4+ 4.Bd2 Qe7 5.g3 Nc6 6.Bg2 O-O 7.O-O Bxd2 8.Qxd2 d6
9.Nc3 e5 10.dxe5 Nxe5 11.Nd5 Nxd5 12.cxd5 Nxf3+ 13.Bxf3 Bh3 14.Rfc1 Rac8
15.Rc4 Rce8 16.Rac1 Bc8 17.Qc2 {#r} 1-0

[Event "Ch Russia (1/2 final)"]
[Site "masterchessopen.com Orsk (Russia)"]
[Round "11"]
[White "Davydov Sergey P (RUS)"]
[Black "Kolomensky Vladimir (RUS)"]
[Result "0-1"]
[WhiteElo "2276"]
[BlackElo "2316"]

1.Nf3 Nf6 2.c4 e6 3.d4 Bb4+ 4.Nbd2 O-O 5.a3 Bxd2+ 6.Bxd2 d6 7.Qc2 Qe7 8.e4 e5
9.d5 a5 10.b3 Nbd7 11.Bd3 Nc5 12.Rb1 Nfxe4 13.Bxe4 f5 14.Bg5 Qe8 15.Nd2 fxe4
16.O-O Qg6 17.b4 axb4 18.axb4 Nd3 19.Bh4 Bf5 20.Ra1 e3 21.Rxa8 Rxa8 22.Bg3 e2
{#R} 0-1

[Event "It (open)"]
[Site "masterchessopen.com Porto (Portugal)"]
[Round "3"]
[White "Spraggett Kevin (CAN)"]
[Black "Reis Luis Sousa (POR)"]
[Result "1-0"]
[WhiteElo "2501"]
[BlackElo "2244"]

1.d4 Nf6 2.c4 e6 3.Nf3 Bb4+ 4.Nbd2 c5 5.a3 Bxd2+ 6.Qxd2 cxd4 7.Nxd4 d5 8.cxd5
Qxd5 9.f3 e5 10.Nc2 Qb3 11.a4 O-O 12.Ra3 Qe6 13.e4 Nc6 14.b4 Rd8 15.Rd3 Rxd3
16.Bxd3 a6 17.O-O Qe8 18.Bb2 Bd7 19.Ne3 Nd4 20.f4 Rd8 21.fxe5 Qxe5 22.Nc4 {#r}
1-0

[Event "It (open)"]
[Site "masterchessopen.com Suwalki (Poland)"]
[Round "0"]
[White "Niebrzydowski Maciej (POL)"]
[Black "Klusowski Marek (POL)"]
[Result "0-1"]
[WhiteElo "2043"]
[BlackElo "2050"]

1.d4 Nf6 2.Nf3 e6 3.c4 Bb4+ 4.Bd2 Qe7 5.a3 Bxd2+ 6.Qxd2 d5 7.e3 O-O 8.Bd3 dxc4
9.Bxc4 c5 10.O-O Nc6 11.dxc5 Rd8 12.Qe2 Qxc5 13.b4 Qe7 14.Bb5 a5 15.bxa5 Rxa5
16.a4 e5 17.Nbd2 e4 18.Nd4 Nxd4 19.exd4 Ra8 20.Qe3 Bf5 21.Rfe1 Rac8 22.Nxe4
Qxe4 {#R} 0-1

[Event "It (open)"]
[Site "masterchessopen.com Toronto (Canada)"]
[Round "6"]
[White "Southam David (CAN)"]
[Black "Schmidt Thomas (GER)"]
[Result "0-1"]
[WhiteElo "2115"]
[BlackElo "2018"]

1.d4 Nf6 2.c4 e6 3.Nf3 Bb4+ 4.Nbd2 O-O 5.a3 Be7 6.g3 d5 7.Bg2 b6 8.O-O Bb7
9.Ne5 c5 10.dxc5 bxc5 11.b3 Qb6 12.Qc2 Rd8 13.e3 a5 14.Rb1 Na6 15.h3 Rab8
16.Bb2 d4 17.e4 g6 18.Nd3 Nd7 19.f4 f5 20.Ba1 Nf6 21.Rbe1 Nc7 22.Rf2 Ba8
23.Rfe2 fxe4 {#R} 0-1

[Event "It (open)"]
[Site "masterchessopen.com Umag (Croatia)"]
[Round "8"]
[White "Jankovic Alojzije (CRO)"]
[Black "Fiskus Zeljko (CRO)"]
[Result "1-0"]
[WhiteElo "2343"]
[BlackElo "1930"]

1.d4 Nf6 2.Nf3 e6 3.c4 Bb4+ 4.Nbd2 O-O 5.a3 Be7 6.e4 d6 7.Qc2 b6 8.Bd3 g6 9.e5
Nh5 10.Ne4 Bb7 11.Bh6 Re8 12.g4 Ng7 13.O-O-O Nd7 14.h4 Rc8 15.h5 Nf8 16.Rh3
Bxe4 17.Bxe4 d5 18.Bd3 c5 19.hxg6 fxg6 20.Qd2 cxd4 21.Bxg7 dxc4 22.Qh6 Qc7
23.Bxg6 Bxa3 24.Bxh7+ Kf7 {#r} 1-0

[Event "It (open)"]
[Site "masterchessopen.com Zalakaros (Hungary)"]
[Round "8"]
[White "Restas Peter (HUN)"]
[Black "Papp Nandor (HUN)"]
[Result "1-0"]
[WhiteElo "2285"]
[BlackElo "2158"]

1.d4 Nf6 2.Nf3 e6 3.c4 Bb4+ 4.Nbd2 Ne4 5.e3 O-O 6.Bd3 f5 7.O-O Nxd2 8.Bxd2 Qe7
9.Bc1 Qe8 10.c5 c6 11.Qa4 {#r} 1-0

[Event "Memorial Erkel (open)"]
[Site "masterchessopen.com Gyula (Hungary)"]
[Round "2"]
[White "Manojlovic Sava (SRB)"]
[Black "Somborski Nebojsa (SRB)"]
[Result "0-1"]
[WhiteElo "2141"]
[BlackElo "2328"]

1.d4 Nf6 2.Nf3 e6 3.c4 Bb4+ 4.Nbd2 d5 5.a3 Be7 6.g3 O-O 7.Bg2 a6 8.O-O c5
9.cxd5 exd5 10.dxc5 Bxc5 11.b4 Ba7 12.Nb3 Ne4 13.Bb2 Nc6 14.Nbd4 Re8 15.Rc1
Ne7 16.Ne5 Ng6 17.Nxg6 hxg6 18.Qd3 Bd7 19.e3 Ba4 20.Rfe1 Qf6 21.Qe2 {#R} 0-1

[Event "It (open)"]
[Site "masterchessopen.com Balaguer (Spain)"]
[Round "3"]
[White "Monell Camarasa David (AND)"]
[Black "Garcia Ilundain David (ESP)"]
[Result "0-1"]
[WhiteElo "2209"]
[BlackElo "2467"]

1.d4 Nf6 2.c4 e6 3.Nf3 Bb4+ 4.Bd2 a5 5.g3 d6 6.Bg2 Nbd7 7.O-O e5 8.dxe5 dxe5
9.Bxb4 axb4 10.e3 O-O 11.b3 Qe7 12.Nbd2 Nc5 13.Qc2 Rd8 14.Ng5 Kh8 15.Bd5 Rf8
16.Ndf3 e4 17.Nd4 h6 18.Nxf7+ Kh7 19.f3 Nxd5 20.cxd5 Rxf7 21.fxe4 Rxf1+
22.Rxf1 Qxe4 {#R} 0-1

[Event "It (open)"]
[Site "masterchessopen.com Balaguer (Spain)"]
[Round "4"]
[White "Polak Tomas (CZE)"]
[Black "Vehi Bach Victor M (ESP)"]
[Result "1-0"]
[WhiteElo "2478"]
[BlackElo "2453"]

1.d4 Nf6 2.c4 e6 3.Nf3 Bb4+ 4.Bd2 a5 5.g3 d5 6.Qc2 Nc6 7.a3 Be7 8.Bg2 Ne4
9.O-O a4 10.Bf4 g5 11.Be3 Nd6 12.cxd5 exd5 13.Nc3 Bf5 14.Qc1 Ne4 15.Nxe4 dxe4
16.Nxg5 Nxd4 17.Qc4 Bxg5 18.Bxd4 O-O 19.Rad1 Qc8 20.Bc3 c5 21.Rd5 {#r} 1-0

[Event "It (open)"]
[Site "masterchessopen.com Guernsey"]
[Round "4"]
[White "Lock Gavin R (ENG)"]
[Black "Corkett Anthony (ENG)"]
[Result "0-1"]
[WhiteElo "2153"]
[BlackElo "2300"]

1.d4 Nf6 2.c4 e6 3.Nf3 Bb4+ 4.Nbd2 O-O 5.g3 d5 6.Qc2 c5 7.Bg2 cxd4 8.Nxd4 e5
9.Nb3 a5 10.a3 Be7 11.Nf3 a4 12.Nbd2 e4 13.Nd4 Bc5 14.e3 Bxd4 15.exd4 Nc6
16.cxd5 Qxd5 17.O-O Nxd4 18.Qc4 Be6 19.b3 Qe5 {#R} 0-1

[Event "It (open)"]
[Site "masterchessopen.com Hamburg (Germany)"]
[Round "6"]
[White "Groeppel Peter (GER)"]
[Black "Westphal Bernd (GER)"]
[Result "1-0"]
[WhiteElo "2144"]
[BlackElo "2136"]

1.d4 Nf6 2.c4 e6 3.Nf3 Bb4+ 4.Bd2 a5 5.g3 d6 6.Bg2 Nc6 7.O-O Bxd2 8.Qxd2 O-O
9.Nc3 e5 10.d5 Nb8 11.c5 Na6 12.cxd6 cxd6 13.Ne1 Qb6 14.Nc2 Bd7 15.e4 Rac8
16.Rab1 Nb4 17.a3 Nxc2 18.Qxc2 Rc7 19.h3 Rfc8 20.Kh2 Bb5 21.Qb3 {#r} 1-0

[Event "Ch Poland (team) (juniors) (under 20) (2 div)"]
[Site "masterchessopen.com Krynica (Poland)"]
[Round "6"]
[White "Dryja Piotr (POL)"]
[Black "Wozniak Marcin (POL)"]
[Result "0-1"]
[WhiteElo "2070"]
[BlackElo "1828"]

1.d4 Nf6 2.Nf3 e6 3.c4 Bb4+ 4.Bd2 Qe7 5.a3 Bxd2+ 6.Nbxd2 d6 7.e3 e5 8.dxe5
dxe5 9.Qc2 a5 10.Be2 Nbd7 11.Ne4 O-O 12.O-O a4 13.Nfd2 Nxe4 14.Nxe4 f5 15.Nc3
Nc5 16.Nd5 Qf7 17.Qc3 Re8 18.f3 b6 19.Rad1 Bb7 20.Rfe1 Rad8 {#R} 0-1

[Event "It (open)"]
[Site "masterchessopen.com Novosibirsk (Russia)"]
[Round "3"]
[White "Garagulya Konstantin (RUS)"]
[Black "Shevchenko Vitaly (RUS)"]
[Result "1-0"]
[WhiteElo "2395"]
[BlackElo "2217"]

1.d4 Nf6 2.Nf3 e6 3.c4 Bb4+ 4.Bd2 Bxd2+ 5.Nbxd2 d6 6.g3 O-O 7.Bg2 Nbd7 8.O-O
e5 9.Qc2 c6 10.e3 Re8 11.dxe5 dxe5 12.c5 Qa5 13.Rfc1 e4 14.Ng5 Nxc5 15.Qc4 Be6
16.Nxe6 Rxe6 17.b4 Qd8 18.Rd1 Rd6 19.Qc2 Nd3 20.a3 Qe7 21.Nxe4 Nxe4 22.Rxd3
Rxd3 23.Qxd3 {#r} 1-0

[Event "It (open)"]
[Site "masterchessopen.com Palanka (Yugoslavia)"]
[Round "4"]
[White "Brujic Bozidar (SRB)"]
[Black "Stanojevic Branko (SRB)"]
[Result "0-1"]
[WhiteElo "2207"]
[BlackElo "2325"]

1.d4 Nf6 2.c4 e6 3.Nf3 Bb4+ 4.Nfd2 d5 5.e3 O-O 6.Nc3 c5 7.a3 cxd4 8.axb4 dxc3
9.bxc3 b6 10.cxd5 exd5 11.Bd3 Nc6 12.Nf3 Bg4 13.Be2 Ne4 14.Qb3 Qf6 15.Bb2 Ne5
16.Qd1 Rfd8 17.O-O Nc4 18.Qc2 Bxf3 19.gxf3 Qg6+ {#R} 0-1

[Event "Ch Paris (open)"]
[Site "masterchessopen.com Paris (France)"]
[Round "4"]
[White "Troffiguer Olivier (FRA)"]
[Black "Louvrier Saint-Mary Jean-roger (FRA)"]
[Result "1-0"]
[WhiteElo "2140"]
[BlackElo "2006"]

1.d4 Nf6 2.Nf3 e6 3.c4 Bb4+ 4.Bd2 Qe7 5.a3 Bxd2+ 6.Nbxd2 d5 7.e3 b6 8.cxd5
exd5 9.Bd3 Bg4 10.Qc2 O-O 11.Rc1 Nbd7 12.Qxc7 Rac8 13.Qxc8 Rxc8 14.Rxc8+ Nf8
15.Rc2 Ng6 16.O-O Ne4 17.Rfc1 Nxd2 18.Nxd2 Qg5 19.Nf1 h5 20.f4 Qe7 21.f5 Nh4
22.Rc8+ {#r} 1-0

[Event "It (open)"]
[Site "masterchessopen.com Polanica Zdroj (Poland)"]
[Round "4"]
[White "Bachorczyk Marcin (POL)"]
[Black "Glazik Malgorzata (POL)"]
[Result "1-0"]
[WhiteElo "2044"]
[BlackElo "2151"]

1.d4 Nf6 2.c4 e6 3.Nf3 Bb4+ 4.Bd2 Qe7 5.a3 Bxd2+ 6.Qxd2 b6 7.Nc3 Bb7 8.g3 d6
9.Bg2 O-O 10.O-O Nbd7 11.Rfe1 c5 12.e4 Rfd8 13.d5 e5 14.Re2 Rf8 15.Ne1 Nh5
16.Nd3 Rae8 17.f4 exf4 18.gxf4 Qh4 19.Nb5 Qf6 20.Rf1 Qh6 {#r} 1-0

[Event "Memorial P.Keres (open)"]
[Site "masterchessopen.com Tallinn (Estonia)"]
[Round "4"]
[White "Pitkanen Juhani (FIN)"]
[Black "Keskel Marko (EST)"]
[Result "0-1"]
[WhiteElo "1724"]
[BlackElo "2073"]

1.d4 Nf6 2.c4 e6 3.Nf3 Bb4+ 4.Bd2 c5 5.Nc3 O-O 6.g3 cxd4 7.Nxd4 Nc6 8.Nxc6
bxc6 9.Bg2 d5 10.Ne4 Nxe4 11.Bxb4 Qb6 {#R} 0-1

[Event "Ch Russia (club)"]
[Site "masterchessopen.com Tomsk (Russia)"]
[Round "4"]
[White "Makarov Marat (RUS)"]
[Black "Telnov Vladimir (RUS)"]
[Result "1-0"]
[WhiteElo "2521"]
[BlackElo "2409"]

1.d4 Nf6 2.c4 e6 3.Nf3 Bb4+ 4.Bd2 a5 5.Nc3 b6 6.e3 Bb7 7.Bd3 Bxc3 8.Bxc3 Ne4
9.Bxe4 Bxe4 10.d5 f6 11.Qd4 Bg6 12.h4 e5 13.Qg4 Rg8 14.h5 Bf7 15.Qe4 g6
16.Bxe5 fxe5 17.Nxe5 Qf6 18.hxg6 hxg6 19.Rh7 Rg7 20.Ng4+ Qe7 21.Qxe7+ {#r} 1-0

[Event "It (open)"]
[Site "masterchessopen.com Albacete (Spain)"]
[Round "1"]
[White "Movsziszian Karen (ARM)"]
[Black "Agullo Sanchez Vicente (ESP)"]
[Result "1-0"]
[WhiteElo "2500"]
[BlackElo "2086"]

1.d4 Nf6 2.c4 e6 3.Nf3 Bb4+ 4.Bd2 Qe7 5.g3 Bxd2+ 6.Qxd2 d6 7.Nc3 e5 8.Bg2 c6
9.e4 O-O 10.O-O Re8 11.h3 Nbd7 12.Rad1 Nf8 13.b4 N6d7 14.Rfe1 f6 15.Bf1 Kh8
16.a3 Qf7 17.d5 Nb6 18.dxc6 bxc6 19.Qxd6 Qh5 20.Nh4 Ng6 21.Nf5 Bxf5 22.exf5
Qxf5 23.c5 {#r} 1-0

[Event "It (open)"]
[Site "masterchessopen.com Bad Zwesten (Germany)"]
[Round "2"]
[White "Ackermann Hans-Werner (GER)"]
[Black "Brethauer Sarah (GER)"]
[Result "1-0"]
[WhiteElo "2358"]
[BlackElo "1866"]

1.d4 Nf6 2.Nf3 e6 3.c4 Bb4+ 4.Nbd2 b6 5.a3 Be7 6.e4 O-O 7.Bd3 Bb7 8.Qc2 g6
9.e5 Ne8 10.h4 h5 11.Ne4 Ng7 12.Bg5 Bxg5 13.Nfxg5 Ne8 14.Ng3 Kg7 15.Nxh5+ gxh5
16.Be4 Bxe4 17.Qxe4 Rh8 18.Qxa8 {#r} 1-0

[Event "Olympiad (w)"]
[Site "masterchessopen.com Bled (Slovenia)"]
[Round "7"]
[White "Diaz Genara (CHI)"]
[Black "Pasku Roela (ALB)"]
[Result "0-1"]
[WhiteElo "1744"]
[BlackElo "1971"]

1.d4 Nf6 2.c4 e6 3.Nf3 Bb4+ 4.Bd2 Qe7 5.a3 Bxd2+ 6.Qxd2 O-O 7.Nc3 b6 8.e4 Bb7
9.d5 Nxe4 10.Qe3 Nxc3 11.bxc3 Re8 12.Be2 exd5 13.Qxe7 Rxe7 14.cxd5 Bxd5 15.Kd2
Nc6 16.Rhe1 Rae8 {#R} 0-1

[Event "It (open)"]
[Site "masterchessopen.com Cullera (Spain)"]
[Round "6"]
[White "Hernandez Ivan (CUB)"]
[Black "Camarena Gimenez Rufino (ESP)"]
[Result "0-1"]
[WhiteElo "2182"]
[BlackElo "2363"]

1.d4 Nf6 2.c4 e6 3.Nf3 Bb4+ 4.Bd2 Qe7 5.g3 Nc6 6.Bg2 Bxd2+ 7.Qxd2 Ne4 8.Qc2
Qb4+ 9.Nc3 Nxc3 10.bxc3 Qxc4 11.O-O d6 12.Rab1 e5 13.Rfd1 h6 14.e3 f5 15.dxe5
dxe5 16.Nh4 Qf7 17.Bd5 Qf6 18.Qa4 e4 19.Qc4 g5 20.Ng2 Kf8 {#R} 0-1

[Event "It (open)"]
[Site "masterchessopen.com Dos Hermanas (Spain)"]
[Round "9"]
[White "Martinez Fernandez Angeles (ESP)"]
[Black "Dickl Errol (GER)"]
[Result "0-1"]
[WhiteElo "2001"]
[BlackElo "2204"]

1.d4 Nf6 2.Nf3 e6 3.c4 Bb4+ 4.Bd2 a5 5.a3 Be7 6.Nc3 d5 7.e3 O-O 8.Bd3 c6 9.O-O
Na6 10.Qe2 dxc4 11.Bxc4 b5 12.Bd3 b4 13.Ne4 c5 14.Rfc1 cxd4 15.Nxd4 Bb7 16.Nc6
Qd7 17.Nxe7+ Qxe7 18.Nxf6+ Qxf6 19.Qh5 g6 20.Qxa5 Rfd8 21.Bxa6 Rxd2 22.Qxb4
Qxf2+ {#R} 0-1

[Event "It (b)"]
[Site "masterchessopen.com Gausdal (Norway)"]
[Round "3"]
[White "Tallaksen Geir S (NOR)"]
[Black "Harestad Hans Krogh (NOR)"]
[Result "1-0"]
[WhiteElo "2258"]
[BlackElo "2236"]

1.d4 Nf6 2.c4 e6 3.Nf3 Bb4+ 4.Nbd2 d5 5.Qa4+ Nc6 6.a3 Bd6 7.e3 O-O 8.Bd3 e5
9.dxe5 Bxe5 10.Qc2 d4 11.Ne4 dxe3 12.Bxe3 Bxb2 13.Rd1 Qe7 14.Bc5 Qe8 15.Bxf8
Bc3+ 16.Qxc3 Kxf8 17.O-O Nxe4 18.Bxe4 Qxe4 19.Rfe1 Qf4 20.Qb4+ Nxb4 21.Rd8#
1-0

[Event "Ch Peru (regional)"]
[Site "masterchessopen.com Lima (Peru)"]
[Round "9"]
[White "Temple Victor (PER)"]
[Black "Alvis James (PER)"]
[Result "0-1"]
[WhiteElo "1878"]
[BlackElo "2167"]

1.d4 Nf6 2.c4 e6 3.Nf3 Bb4+ 4.Bd2 c5 5.a3 Bxd2+ 6.Nbxd2 cxd4 7.Nxd4 O-O 8.e3
Nc6 9.N2f3 d5 10.Be2 dxc4 11.Bxc4 Nxd4 12.Nxd4 a6 13.Qf3 e5 14.Ne2 Qc7 15.Bd3
Rd8 16.Bf5 e4 17.Bxe4 Bg4 18.Qg3 Qd7 {#R} 0-1

[Event "It (open)"]
[Site "masterchessopen.com Ljubljana (Slovenia)"]
[Round "2"]
[White "Podkriznik Gregor (SLO)"]
[Black "Luzar Borut (SLO)"]
[Result "1-0"]
[WhiteElo "2369"]
[BlackElo "1957"]

1.d4 Nf6 2.c4 e6 3.Nf3 Bb4+ 4.Nbd2 b6 5.a3 Be7 6.e4 Bb7 7.Bd3 d6 8.Qe2 Nbd7
9.e5 dxe5 10.dxe5 Nc5 11.Bc2 Nh5 12.Ne4 g6 13.Bh6 Bf8 14.Bg5 Be7 15.Rd1 Qc8
16.g4 Bxg5 17.Nfxg5 Ng7 18.Qf3 Rf8 19.Nf6+ Ke7 20.Ng8+ Ke8 21.Qf6 {#r} 1-0

[Event "Ch Uruguay"]
[Site "masterchessopen.com Montevideo (Uruguay)"]
[Round "4"]
[White "Roselli Mailhe Bernardo (URU)"]
[Black "Bauza Alejandro (URU)"]
[Result "1-0"]
[WhiteElo "2436"]
[BlackElo "2233"]

1.d4 Nf6 2.c4 e6 3.Nf3 Bb4+ 4.Bd2 Qe7 5.g3 Nc6 6.Bg2 Bxd2+ 7.Nbxd2 d6 8.O-O a5
9.e4 e5 10.d5 Nb8 11.Ne1 Bg4 12.f3 Bd7 13.Nd3 Na6 14.f4 Ng4 15.Qf3 h5 16.h3
Nf6 17.fxe5 dxe5 18.Qe3 Kf8 19.Nf3 Nb4 20.Nde1 a4 21.a3 Na6 22.Nd3 b6 23.Nfxe5
Nc5 24.Nxc5 {#r} 1-0

[Event "It (open) \"]
[Site "masterchessopen.com Moscow (Russia)"]
[Round "8"]
[White "Macieja Bartlomiej (POL)"]
[Black "Rashkovsky Nukhim N (RUS)"]
[Result "0-1"]
[WhiteElo "2629"]
[BlackElo "2510"]

1.d4 Nf6 2.c4 e6 3.Nf3 Bb4+ 4.Bd2 a5 5.Nc3 O-O 6.Qc2 d5 7.e3 b6 8.Bd3 Ba6 9.b3
c5 10.a3 Bxc3 11.Bxc3 Nbd7 12.cxd5 Bxd3 13.Qxd3 Nxd5 14.Bb2 a4 15.O-O axb3
16.e4 N5f6 17.d5 exd5 18.exd5 b5 19.Qxb5 Qb6 20.Qc4 Rfb8 21.Rfd1 Qb5 22.Qf4
Ra4 23.Qg3 Rg4 24.Qh3 {#R} 0-1

[Event "Ch Norway (qual)"]
[Site "masterchessopen.com Norway"]
[Round "4"]
[White "Glenne Bjorn Erik (NOR)"]
[Black "Moen Andreas (NOR)"]
[Result "1-0"]
[WhiteElo "2203"]
[BlackElo "2265"]

1.d4 Nf6 2.c4 e6 3.Nf3 Bb4+ 4.Bd2 Qe7 5.Qc2 Bxd2+ 6.Nbxd2 d6 7.e3 c5 8.dxc5
dxc5 9.Bd3 Nc6 10.a3 b6 11.Ne4 Nd7 12.O-O-O f5 13.Neg5 h6 14.Nxe6 Qxe6 15.Bxf5
Qe7 16.Bg6+ Kd8 17.Rd5 Kc7 18.Rhd1 Nf6 19.e4 Nxd5 20.cxd5 Nd4 21.Rxd4 Kb7
22.d6 Qd7 23.Rd2 a6 24.Bf5 {#r} 1-0